000 00516nam a2200193Ia 4500
005 20260120132122.0
008 008 260114s9999 xx 000 0 eng d
020 _a9781383015805
037 _aEBOOK
040 _aCRL
_beng
_cCRL
041 _aeng
_2eng
084 _qCRL
100 _aBarendt
_9935161
245 0 _aVolume 3, 1997/98
260 _bOxford University PressOxford University Press
_c2023
856 _uhttps://academic.oup.com/book/50729
942 _cEBOOK
999 _c1527084
_d1527084